000 00897nas a2200277 4500
001 BR9203715
003 BR-BrBNA
005 20231205095050.0
007 ta
008 230509b bl.|||p| |||| 00| 00por d
040 _aBR-BrBNA
_bpor
_cBiblioteca Nacional de Agricultura
041 _a(Pt)
072 _aH10
100 1 _aLink, D.
100 1 _aCosta, E.C.
245 1 _aEficacia da armadilha luminosa no controle das brocas cucurbitaceas, Diaphania spp. (Lepidoptera, Pyralidae)em Santa Maria - Rio Grande do Sul
650 _aAbobora
650 _aPepino
650 _aArmadilha Luminosa
650 _aPraga de Planta
650 _aControle Cultural
650 _aRio Grande do Sul
773 0 _tRevista do Centro de Ciencias Rurais (Brazil)
_xISSN 0085-5901
_g(Oct-Dec 1989), v. 19(4) p. 311-315
_wBR9203715
909 _a202311
_bLúcia
_c55
_dLúcia Elande
942 _2AGRIS
_n0
_cANA
999 _c148528
_d148528